Borderlines : genders and identities in war and peace, 1870-1930
Αποθηκεύτηκε σε:
| Άλλοι συγγραφείς: | |
|---|---|
| Μορφή: | Βιβλίο |
| Γλώσσα: | English |
| Δημοσίευση: |
New York :
Routledge,
1997
|
| Θέματα: | |
| Ετικέτες: |
Προσθήκη ετικέτας
Δεν υπάρχουν, Καταχωρήστε ετικέτα πρώτοι!
|
MARC
| LEADER | 00000nam a2200000 i 4500 | ||
|---|---|---|---|
| 001 | 1/78644 | ||
| 008 | 080326s1998 eng d | ||
| 020 | |a 0-415-91114-1 | ||
| 035 | |l 10095776 | ||
| 040 | |a GR-MY-UA |b gre |e aacr | ||
| 041 | 0 | |a eng | |
| 082 | 0 | |a 305.3 |2 (22) | |
| 245 | 1 | 0 | |a Borderlines : |b genders and identities in war and peace, 1870-1930 / |c edited by Billie Melman |
| 260 | |a New York : |b Routledge, |c 1997 | ||
| 300 | |a 459 σ.; |b εικ.; |c 23 εκ. | ||
| 504 | |a Περιέχει βιβλιογραφικές αναφορές | ||
| 504 | |a Ευρετήριο: σ. [443]-459 | ||
| 650 | 0 | 0 | |a Sex role |x History |y 19th century. |
| 650 | 0 | 0 | |a Sex role |x History |y 20th century. |
| 650 | 0 | 0 | |a Women in politics |x History |y 19th century. |
| 650 | 0 | 0 | |a Women in politics |x History |y 20th century. |
| 650 | 0 | 0 | |a Feminism |x History |y 20th century. |
| 650 | 0 | 0 | |a Feminism |x History |y 19th century. |
| 650 | 0 | 0 | |a Gender identity |x History |y 19th century. |
| 650 | 0 | 0 | |a Gender identity |x History |y 20th century. |
| 700 | 1 | |a Melman, Billie. |4 edt | |
| 852 | |a INST |b LESVOS |e 20080326 |h 305.3 BOR |p 005100040552 |q 005100040552 |t BK |y 0 | ||
| 901 | |a BIBL1-2008-1 | ||
| 909 | |a Λ |b 143112 | ||
| 922 | |a 1ΕΛΗ |b 200712 |c ΕΠΕΑΕΚ2/ΤΚΑ |d ΠΑΠΑΣΩΤΗΡΙΟΥ | ||
| 970 | |a ΧΑΤΖΗΜΙΧΑΗΛ |b ΜΑΡΙΑ |z 2008/03/26 | ||